00639nam a2200181Ia 4500952014100000999001700141003000400158005001700162008004100179020001800220040000900238082001800247100002600265245007200291260004300363300000900406942004200415 00102ddc40708EDUCATIONaMESbMEScEDUCATIONd2019-02-20g995.00l0o370.21 RAN/Rp36475r2019-02-20 00:00:00w2019-02-20yBKzGL40R4 c11208d11208OSt20201014095100.0190216s9999||||xx |||||||||||||| ||und|| a9788126149315 coclc a370.21bRAN/R aRanjan, Rajeev 91022 0aResearch In Educational And Behavioural Statistics /cRajeev Ranjan bAnmol Publications,c2011.aNew Delhi: a272p cBK2ddch370.21iRAN/Rk370.21mRAN/R